000
00239nam a2200097Ia 4500
008
220204s9999 xx 000 0 und d
082
_a
001(031)
_b
NEW
245
0
_a
New book of knowledge. 21 V
260
_a
Canada
_b
Grolier
_c
1980
942
_c
BK
999
_c
36332
_d
36332